| 000 | 01427nac a22002291u 4500 | ||
|---|---|---|---|
| 008 | 101219s19881989xxu||||| |||| 00| 0 ara d | ||
| 082 |
_a378.532 _bخ ل ا |
||
| 110 | 1 |
_aإدارة الأبحاث بجامعة الكويت _921539 |
|
| 245 |
_aخلاصات الأبحاث = _bResearch Abstracts / |
||
| 250 | _aطبعة معدلة ومنقحة (مج 1) | ||
| 260 |
_aالكويت : _bجامعة الكويت ، _c1988. |
||
| 300 |
_a3 مج ؛ _c24 سم. |
||
| 500 | _aالنص باللغتين العربية والإنجليزية | ||
| 504 | _aيشتمل على إرجاعات ببليوجرافية وفهارس | ||
| 505 | _aمج 1 .(1966 - 1984) -- مج 2 .(1985) -- مج 3 .(1986) | ||
| 610 | 1 |
_aجمعية الكويت _921540 |
|
| 610 | 1 |
_aجمعية الكويت هيئة التدريس _921541 |
|
| 942 |
_cBB _k378.532 خ ل ا _2ddc |
||
| 999 |
_c6252 _d6252 |
||